01623nam a22002657a 4500001000500000005001700005020001800022040002900040050001500069082001100084100002100095245008000116250006700196260004400263300002300307490003700330505000700367520063200374521001701006521001701023942001501040999001501055952015301070952013401223259120260401105848.0 a9781444900941 aFISKHbengcFISKHdFISKH aPZ7.C83535 a823.92 aCowell, Cressida aHow to Steal a Dragon's Sword /cHow to train your dragon ; Cressida Cowell aFirst published in Great Britain in 2011 by Hodder & Stoughton aLondon :bHodder Children's Booksc2011 a362 pages :c20 cm aHow to Train Your DragonvBook 9 aZ  aA dragon rebellion is coming-filled with the meanest, nastiest dragons in the Archipelago. Razor-wings, Tongue twisters, and Vampire Ghoul deaths are attaching Vikings and seem to be seeking one soul in particular: Hiccup Horrendous Haddock the Third! Only a King can save them...and only a champion with all of the King's Lost Things can be King. In his adventures, Hiccup has collected quite a few "things" himself. But can a scrawny Viking save the entire Archipelago from certain doom? To find out, Hiccup will have to outwit a witch, fight his arch-enemy, and beat back an army of bloodthirsty dragons with just one sword. a910 bLexile aZ bRaz-Plus 2ddccBKn0 c2591d2591 00102ddc40708JUVFa002b002cSBSd2024-01-03l4oCOW 823.92 PZ7.C83535pFIS05326q2026-04-15r2026-04-01 10:51:00s2026-04-01t1w2024-01-03yBK 00102ddc40708JUVFa001b001cATKSFd2025-08-28l0oCOW 823.92 PZ7.C83535pFISTKG5A032r2025-08-28 09:04:53t2w2025-08-28yBK